000 01798nam a22002537a 4500
003 OSt
005 20260428121158.0
008 260428b |||||||| |||| 00| 0 spa d
020 _a9788418418853
082 _29788418418853
100 _aMaría José Borrego Osete
245 _aGestión y dirección de clínicas dentales
250 _a1ra edición
260 _aJaén, España
_bFormación Alcalá
_c 2021.
300 _a374 pág
_c17 x 23.5 cm
490 _3 Rústica /
520 _aEste manual especializado tiene como propósito fundamental dotar a los profesionales del sector odontológico de las competencias directivas necesarias para transformar una consulta en una empresa competitiva. El texto aborda de manera integral la planificación estratégica, la gestión financiera y la optimización de los procesos internos para maximizar la rentabilidad del centro. Asimismo, analiza la importancia del marketing sanitario y la fidelización del paciente como ejes vertebradores del éxito institucional. A través de sus capítulos, se examinan las normativas vigentes y los protocolos de calidad que aseguran la excelencia en la prestación de servicios de salud. La obra busca, en última instancia, profesionalizar la administración dental mediante herramientas prácticas de liderazgo y control organizacional. El contenido equilibra el rigor técnico con una visión pragmática adaptada a las exigencias del mercado actual. Por ello, se posiciona como una guía de referencia para titulares de clínicas que deseen mejorar su eficiencia operativa.
610 _xPlanificación estratégica
650 _xGestión financiera y contable
654 _xMarketing odontológico
655 _xRecursos humanos
700 _aMaría José Borrego Osete
942 _2ddc
_cBK
_n0
999 _c2080
_d2080